Quotes about football players - Statistics

General Stats
  • This quiz has been taken 10 times
  • The average score is 3 of 10
Answer Stats
Hint Answer % Correct
“There are many star players in Italy, but the only one I would bring to Bayern Munich would be ?.” - Beckenbauer Francesco Totti
60%
"? has the same technical skills as the others, he could play in the midfield, he also has great awareness he can take these risks, and that's why he's so valuable. He can basically be a player behind the defence." - Löw Manuel Neuer
60%
"If you watch the game you don't see ?, but if you watch ? you see the whole game." - Del Bosque Sergio Busquets
40%
"? would play like he was 20-year-old playing in a under-12 league. I have never seen that before" - Paul Merson Thierry Henry
40%
“? is a player I have admired for a long time. He is an extraordinary player with extraordinary capabilities.” - Xavi Wayne Rooney
40%
“? - one of the best strikers I have seen. He had everything. Pace, really strong, good in the air – he was amazing.” - Pique Didier Drogba
20%
I want my son to become ? - Lampard Fernando Torres
20%
"For me, the best player in the world is ?" - Cantona Javier Pastore
20%
"If he wanted he could be the best player in any position" - Cantona Johan Cruyff
20%
"Argh. Han har ikke spillet på nogen kampe han selv har været med i. Selvom man skulle tro det." - Mølby Martin Demichelis
20%
No matching quizzes found
Score Distribution
Percent of People with Each Score
Percentile by Number Answered
Your Score History
You have not taken this quiz